| 000 | 00498nam a2200193Ia 4500 | ||
|---|---|---|---|
| 008 | 240510s9999 xx 000 0 und d | ||
| 020 | _a0000070586853 | ||
| 041 | _aEng | ||
| 082 | _a658.404 | ||
| 082 | _bP33 | ||
| 100 | _aPhillips, Joseph | ||
| 245 | 0 | _aPMP : Project Management Professional Study Guide :( With CD) | |
| 260 | _bTata McGraw Hill - India | ||
| 260 | _c2004 | ||
| 300 | _a569 p. | ||
| 650 | _aInformation Management : Project Management | ||
| 942 | _2ddc | ||
| 942 | _cRBK | ||
| 999 |
_c27821 _d27821 |
||
| 945 |
_a1 _bMadushi Gamage _c1 _dMadushi Gamage |
||